[Event "Match"]
[Site "www.echecsemail.com"]
[Date "2015.01.09"]
[Round "1"]
[White "Caspito"]
[Black "Generalfree"]
[WhiteElo "1850"]
[BlackElo "1880"]
[Result "1-0"]
[Round "1"]
1.e4 e5
2.Ng1f3 Nb8c6
3.Bf1b5 Ng8e7
4.O-O a6
5.Bb5a4 b5
6.Ba4b3 Nc6d4
7.Bb3xf7 Kxf7
8.Nf3xe5 Kg8
9.c3 Nd4c6
10.d4 Nc6xe5
11.dxe5 Ne7c6
12.Qd1d5 { resign }
1-0

[Event "Match"]
[Site "www.echecsemail.com"]
[Date "2015.01.09"]
[Round "1"]
[White "Jaalston"]
[Black "Noobasaurus"]
[WhiteElo "1659"]
[BlackElo "1339"]
[Result "1-0"]
[Round "1"]
1.e4 c5
2.Nb1c3 Nb8c6
3.Bf1c4 d6
4.Ng1f3 e6
5.d4 cxd4
6.Nf3xd4 Nc6xd4
7.Qd1xd4 e5
8.Qd4d5 Ng8e7
9.Qd5xf7 Kd7
10.O-O Qd8e8
11.Bc4b5 Kc7
12.Bb5xe8 Bc8d7
13.Be8xd7 Kxd7
14.f4 exf4
15.Rf1xf4 Kc6
16.Qf7e6 Ra8d8
17.e5 a6
18.Rf4c4 Kb6
19.Bc1e3 Ka5
20.b4 { resign }
1-0

[Event "Match"]
[Site "www.echecsemail.com"]
[Date "2015.01.09"]
[Round "1"]
[White "Razorboy"]
[Black "Nozal"]
[WhiteElo "1740"]
[BlackElo "1850"]
[Result "1-0"]
[Round "1"]
1.d4 f6
2.e4 e5
3.d5 d6
4.Nb1c3 f5
5.exf5 Bc8xf5
6.Bf1d3 g6
7.Bd3xf5 Nb8d7
8.Bf5xd7 Qd8xd7
9.Ng1f3 Bf8e7
10.Bc1g5 Ng8f6
11.Bg5xf6 Be7xf6
12.O-O O-O
13.Nc3e4 Bf6e7
14.Qd1d2 Qd7g4
15.Qd2e3 Rf8f4
16.Ne4g3 c5
17.h3 Qg4d7
18.Ng3e2 Qd7f5
19.Ne2xf4 Qf5xc2
20.b3 Ra8e8
21.Rf1c1 exf4
22.Rc1xc2 fxe3
23.fxe3 Be7f6
24.Ra1d1 Re8xe3
25.Rd1e1 Re3d3
26.Re1e6 Rd3d1
27.Kf2 Bf6d4
28.Nf3xd4 Rd1xd4
29.Re6e7 b5
30.Re7xa7 Rd4xd5
31.Rc2e2 Rd5e5
32.Re2xe5 dxe5
33.Ke3 c4
34.bxc4 bxc4
35.Ra7c7 { resign }
1-0

[Event "Match"]
[Site "www.echecsemail.com"]
[Date "2015.01.09"]
[Round "1"]
[White "Nestor"]
[Black "Difficult"]
[WhiteElo "2050"]
[BlackElo "1880"]
[Result "1/2-1/2"]
[Round "1"]
1.e4 d6
2.d4 Ng8f6
3.Nb1c3 g6
4.Bf1c4 Bf8g7
5.Ng1e2 O-O
6.O-O Nf6xe4
7.Nc3xe4 d5
8.Bc4d3 dxe4
9.Bd3xe4 Nb8d7
10.c3 Nd7f6
11.Be4c2 c6
12.Ne2g3 Bc8e6
13.h4 Be6g4
14.Qd1d2 Bg4e6
15.Qd2g5 Qd8d5
16.Qg5e3 Qd5d7
17.Ng3e4 Nf6xe4
18.Qe3xe4 Be6f5
{ draw }
1/2-1/2

[Event "Match"]
[Site "www.echecsemail.com"]
[Date "2015.01.09"]
[Round "1"]
[White "Calponas"]
[Black "Generalfree"]
[WhiteElo "2020"]
[BlackElo "1810"]
[Result "1-0"]
[Round "1"]
1.e4 e5
2.Ng1f3 Nb8c6
3.Bf1b5 Ng8e7
4.c3 a6
5.Bb5a4 f6
6.d4 b5
7.Ba4b3 Ne7g6
8.dxe5 Nc6xe5
9.Nf3xe5 Ng6xe5
10.Bc1f4 Qd8e7
11.Qd1e2 c5
12.Nb1d2 c4
13.Bb3c2 g6
14.O-O-O d6
15.Nd2f3 g5
16.Bf4g3 Bc8g4
17.h3 Bg4xf3
18.gxf3 h5
19.f4 Ne5g6
20.fxg5 fxg5
21.Bg3xd6 Ng6f4
22.Qe2f3 Qe7f7
23.Qf3e3 Bf8xd6
24.Rd1xd6 Rh8g8
25.Rh1d1 Nf4e6
26.Qe3b6 Rg8g6
27.Qb6c6 { resign }
1-0

[Event "Match"]
[Site "www.echecsemail.com"]
[Date "2015.01.09"]
[Round "1"]
[White "Cardiff"]
[Black "Goofy"]
[WhiteElo "2040"]
[BlackElo "2210"]
[Result "0-1"]
[Round "1"]
1.e4 c5
2.Nb1c3 Nb8c6
3.g3 g6
4.Bf1g2 Bf8g7
5.d3 d6
6.f4 e6
7.Ng1e2 Ng8e7
8.O-O O-O
9.Bc1e3 Ra8b8
10.a4 b6
11.Qd1d2 Bc8b7
12.g4 f5
13.h3 a6
14.Ne2g3 Bg7d4
15.Nc3e2 Bd4xb2
16.Ra1b1 Bb2g7
17.Bg2f3 fxe4
18.dxe4 Nc6a5
19.Be3f2 d5
20.e5 Bg7xe5
21.fxe5 Rf8xf3
22.Kg2 d4
23.Kg1 Qd8d5
{ resign }
0-1

[Event "Match"]
[Site "www.echecsemail.com"]
[Date "2015.01.09"]
[Round "1"]
[White "Germancho95"]
[Black "Delacey"]
[WhiteElo "1460"]
[BlackElo "1699"]
[Result "0-1"]
[Round "1"]
1.d4 Ng8f6
2.Bc1g5 Nf6e4
3.Bg5h4 d5
4.Nb1d2 Bc8f5
5.Ng1f3 f6
6.e3 g5
7.Bh4g3 Ne4xg3
8.fxg3 Bf8g7
9.Bf1b5 c6
10.Bb5a4 O-O
11.O-O b5
12.Ba4b3 Nb8d7
13.h4 g4
14.Nf3h2 Rf8e8
15.Rf1xf5 e6
16.Rf5h5 f5
17.c3 Nd7f6
18.Rh5g5 Re8e7
19.Bb3c2 h6
20.Rg5g6 Nf6h5
21.Nh2xg4 Kh7
22.Ng4e5 Nh5xg3
23.Nd2f1 Ng3e4
24.h5 Qd8c7
25.Qd1e1 Ra8g8
26.Nf1g3 Bg7xe5
27.dxe5 Rg8xg6
28.hxg6 Kxg6
29.Ng3xe4 dxe4
30.Qe1g3 Kh7
31.Kf2 Re7g7
32.Qg3h2 Qc7e7
33.Ra1h1 Qe7g5
34.Rh1g1 Rg7d7
35.Ke1 Qg5xe3
{ resign }
0-1

[Event "Match"]
[Site "www.echecsemail.com"]
[Date "2015.01.09"]
[Round "1"]
[White "Spartacus42"]
[Black "Joseph1983"]
[WhiteElo "1809"]
[BlackElo "2100"]
[Result "1-0"]
[Round "1"]
1.e4 e5
2.Ng1f3 Nb8c6
3.Bf1b5 Ng8f6
4.O-O Bf8e7
5.Rf1e1 d6
6.d4 exd4
7.Nf3xd4 Bc8d7
8.Nd4f5 Bd7xf5
9.exf5 O-O
10.Bc1g5 Rf8e8
11.Nb1c3 h6
12.Bg5h4 Nf6d7
13.Bh4g3 Be7f8
14.Re1xe8 Qd8xe8
15.Nc3d5 Ra8c8
16.f6 Nd7xf6
17.Nd5xf6 gxf6
18.Qd1g4 Kh8
19.Qg4h4 Bf8g7
20.Bg3f4 Qe8e4
21.Bb5d3 Qe4d4
22.Ra1e1 d5
23.Bd3f5 Rc8d8
24.Qh4g3 Nc6e5
25.c3 Qd4b6
26.Qg3h4 { resign }
1-0

[Event "1/64 Finale"]
[Site "www.chess-mail.com"]
[Date "2015.01.09"]
[Round "1"]
[White "Merlino23"]
[Black "Fvdp"]
[WhiteElo "2530"]
[BlackElo "2390"]
[Result "1-0"]
[Round "1"]
1.e4 c5
2.Ng1f3 d6
3.d4 cxd4
4.Nf3xd4 Ng8f6
5.Nb1c3 g6
6.Bc1e3 Bf8g7
7.f3 Nb8c6
8.Qd1d2 O-O
9.Bf1c4 Bc8d7
10.Bc4b3 Nc6xd4
11.Be3xd4 b5
12.h4 a5
13.a4 bxa4
14.Nc3xa4 Bd7e6
15.Na4b6 Ra8a6
16.Nb6d5 Be6xd5
17.exd5 Qd8c7
18.Ra1a4 Rf8b8
19.Kf2 h5
20.Rh1e1 Nf6e8
21.Bd4xg7 Ne8xg7
22.g3 Qc7c5
23.Kg2 Ra6a7
24.Re1e4 Ng7e8
25.Ra4a2 Ne8f6
26.Re4c4 Qc5b5
27.Rc4a4 Rb8a8
28.Bb3c4 Qb5c5
29.b3 Kg7
30.Ra2a1 Nf6d7
31.Bc4e2 Nd7b6
32.b4 Qc5xd5
33.Qd2xd5 Nb6xd5
34.Ra4xa5 Ra7xa5
35.Ra1xa5 Nd5c7
36.Ra5xa8 Nc7xa8
37.Kf2 Kf6
38.c4 Ke5
39.Ke3 e6
40.f4 Kf5
41.Be2d3 Kg4
42.Bd3e4 Na8b6
43.c5 dxc5
44.bxc5 Nb6c8
45.Kf2 Nc8e7
46.c6 f6
47.c7 g5
48.Be4f3 Kf5
49.fxg5 fxg5
50.Bf3xh5 gxh4
51.gxh4 Ne7c8
52.Bh5e8 Nc8d6
53.h5 Kg5
54.Ke3 e5
55.Kf3 Kf5
56.h6 Kf6
57.Ke3 Nd6c8
58.Ke4 Nc8b6
59.h7 Kg7
60.Be8g6 { resign }
1-0

[Event "Eq:Clubul Central de Sah-Slap Shot Mates : "]
[Site "www.chess-mail.com"]
[Date "2015.01.09"]
[Round "1"]
[White "Edijs"]
[Black "Rocadamica"]
[WhiteElo "2750"]
[BlackElo "2800"]
[Result "1-0"]
[Round "1"]
1.d4 Ng8f6
2.c4 e6
3.g3 d5
4.Bf1g2 dxc4
5.Ng1f3 Nb8c6
6.Qd1a4 Bf8b4
7.Bc1d2 Nf6d5
8.Bd2xb4 Nd5xb4
9.Nf3e5 O-O
10.Ne5xc6 Nb4xc6
11.e3 e5
12.d5 Nc6e7
13.Qa4xc4 c6
14.dxc6 Qd8b6
15.O-O Ne7xc6
16.Qc4e2 h5
17.a4 Bc8g4
18.Qe2b5 Qb6c7
19.Nb1c3 Rf8d8
20.h3 Bg4e6
21.Nc3e4 a6
22.Qb5c5 Ra8c8
23.Ra1c1 Be6d5
24.Qc5a3 Rd8d7
25.b4 Qc7d8
26.Qa3b2 f6
27.Rf1d1 Bd5xe4
28.Rd1xd7 Qd8xd7
29.Bg2xe4 Nc6e7
30.Qb2b3 Kf8
31.Rc1d1 Qd7xh3
32.Be4xb7 Rc8b8
33.e4 h4
34.a5 hxg3
35.fxg3 g6
36.Bb7xa6 Kg7
37.Ba6f1 Qh3g4
38.Rd1d6 Rb8c8
39.Qb3e3 f5
40.Bf1e2 Qg4xe4
41.Qe3xe4 fxe4
42.b5 Ne7f5
43.Rd6d7 Kf6
44.b6 Nf5xg3
45.b7 { resign }
1-0

[Event "Eq:CONFOEDERATIONIS HELVETICAE-Slap Shot Mates : "]
[Site "www.chess-mail.com"]
[Date "2015.01.09"]
[Round "1"]
[White "Schwiizer"]
[Black "Leswamp"]
[WhiteElo "2600"]
[BlackElo "2430"]
[Result "1-0"]
[Round "1"]
1.d4 d5
2.c4 c6
3.Nb1c3 e6
4.e4 dxe4
5.Nc3xe4 Bf8b4
6.Bc1d2 Qd8xd4
7.Bd2xb4 Qd4xe4
8.Bf1e2 Nb8a6
9.Bb4d6 Qe4xg2
10.Qd1d2 Ng8f6
11.Be2f3 Qg2g6
12.O-O-O e5
13.Bd6xe5 Bc8e6
14.Ng1e2 Qg6f5
15.Be5f4 Be6xc4
16.Ne2g3 Qf5c5
17.Bf4e3 Qc5b4
18.Ng3f5 Qb4xd2
19.Rd1xd2 Bc4d5
20.Nf5xg7 Kd7
21.Ng7h5 Ke6
22.Rh1e1 Bd5xf3
23.Nh5g7 Ke5
24.Be3h6 Nf6e4
25.Rd2d3 Na6c5
26.Rd3xf3 a5
27.Re1d1 Ne4d6
28.Bh6g5 Nc5e6
29.Bg5f6 Ke4
30.Rf3e3 Kf4
31.Bf6e5 { resign }
1-0

[Event "Fast Game"]
[Site "www.echecsemail.com"]
[Date "2015.01.09"]
[Round "1"]
[White "Attatroll"]
[Black "Genius9"]
[WhiteElo "1800"]
[BlackElo "1649"]
[Result "1-0"]
[Round "1"]
1.e4 d6
2.d4 Ng8f6
3.Nb1c3 c6
4.Bc1e3 g6
5.f3 Bf8g7
6.Bf1d3 O-O
7.Ng1e2 e5
8.dxe5 dxe5
{ time. }
1-0

[Event "Fast Game"]
[Site "www.echecsemail.com"]
[Date "2015.01.09"]
[Round "1"]
[White "Fkarpov"]
[Black "Tenzinnima"]
[WhiteElo "1840"]
[BlackElo "1840"]
[Result "1/2-1/2"]
[Round "1"]
1.e4 c5
2.Ng1f3 d6
3.Bf1b5 Bc8d7
4.Bb5c4 Ng8f6
5.Nb1c3 g6
6.e5 Nf6g4
7.O-O Bf8g7
8.exd6 exd6
9.Qd1e2 Qd8e7
10.Qe2xe7 Kxe7
11.Nc3d5 Kd8
12.d3 Nb8c6
13.h3 Ng4e5
14.Nf3xe5 dxe5
15.Bc1g5 Kc8
16.Bg5f6 Bg7xf6
17.Nd5xf6 Bd7e6
18.Bc4xe6 fxe6
19.Nf6e4 b6
20.c3 Kc7
21.Ra1d1 Ra8d8
22.Rd1d2 h6
23.Rf1d1 Rh8f8
24.a3 a5
25.b3 Rf8f7
26.g3 Rd8d7
27.Kg2 Kd8
28.Rd1f1 Ke7
29.a4 g5
30.Kg1 Rf7f8
31.Kg2 Rf8f7
{ draw }
1/2-1/2

[Event "Tourn. n7965"]
[Site "www.chess-mail.com"]
[Date "2015.01.10"]
[Round "1"]
[White "Cardiff"]
[Black "Jesmantiz"]
[WhiteElo "2070"]
[BlackElo "2170"]
[Result "0-1"]
[Round "1"]
1.d4 d6
2.e4 c6
3.Ng1f3 g6
4.c3 Bf8g7
5.h3 e6
6.Bc1e3 Nb8d7
7.Bf1d3 e5
8.O-O Ng8e7
9.Nb1a3 b5
10.d5 cxd5
11.Na3xb5 Nd7b6
12.Be3xb6 Qd8xb6
13.a4 a6
14.a5 Qb6b8
15.Nb5a3 Qb8xb2
16.Rf1e1 O-O
17.exd5 Qb2xc3
18.Na3c4 Qc3b4
19.Ra1b1 Qb4c5
20.Qd1d2 f5
21.Bd3f1 e4
22.Nc4b6 Ra8a7
23.Nf3g5 Bg7c3
{ resign }
0-1

[Event "Tourn. n7956"]
[Site "www.chess-mail.com"]
[Date "2015.01.10"]
[Round "1"]
[White "Cardiff"]
[Black "Krasin"]
[WhiteElo "2050"]
[BlackElo "2240"]
[Result "0-1"]
[Round "1"]
1.e4 e6
2.d4 d5
3.exd5 exd5
4.Bf1d3 Bf8d6
5.Ng1e2 Nb8c6
6.c3 Ng8e7
7.Bc1f4 Bc8g4
8.f3 Bg4h5
9.Bf4xd6 Qd8xd6
10.Ne2g3 Bh5g6
11.O-O O-O-O
12.Rf1e1 h5
13.Nb1a3 h4
14.Ng3f1 Kb8
15.Qd1d2 Bg6xd3
16.Qd2xd3 Ne7g6
17.Na3b5 Qd6d7
18.b4 Ng6f4
19.Qd3d2 g5
20.a4 Rd8g8
21.Nb5a3 Nc6e7
22.Nf1e3 Ne7g6
23.Ne3g4 f5
24.Ng4e5 Ng6xe5
25.Re1xe5 Nf4g6
26.Re5e2 Ng6f4
27.Re2e5 Nf4g6
28.Re5e2 h3
29.g3 f4
30.g4 Ng6h4
31.Re2f2 Rg8e8
32.Ra1e1 Re8xe1
33.Qd2xe1 Rh8e8
34.Qe1d2 Re8e3
35.Qd2d1 Qd7e6
36.Na3b5 Re3e1
{ resign }
0-1

[Event "Tourn. n7922"]
[Site "www.chess-mail.com"]
[Date "2015.01.10"]
[Round "1"]
[White "Terrible"]
[Black "Cardiff"]
[WhiteElo "2240"]
[BlackElo "2040"]
[Result "1-0"]
[Round "1"]
1.d4 d5
2.Ng1f3 Ng8f6
3.c4 e6
4.Bc1g5 c6
5.e3 Qd8a5
6.Nb1c3 Nf6e4
7.Qd1c2 Bf8b4
8.Ra1c1 Bb4xc3
9.bxc3 h6
10.Bg5f4 O-O
11.Bf1d3 Ne4f6
12.O-O Nb8d7
13.Nf3e5 Nd7xe5
14.Bf4xe5 Nf6d7
15.Be5d6 Rf8e8
16.e4 dxe4
17.Bd3xe4 Nd7f6
18.Be4d3 b6
19.Bd6e5 Nf6d7
20.Be5f4 e5
21.Rf1e1 Bc8b7
22.Bf4g3 exd4
23.Re1xe8 Ra8xe8
24.cxd4 Nd7f6
25.h3 c5
26.d5 Re8e1
27.Rc1xe1 Qa5xe1
28.Kh2 b5
29.cxb5 Bb7xd5
30.Qc2xc5 Bd5xa2
31.Qc5xa7 Ba2d5
32.b6 Nf6e4
33.Qa7b8 Kh7
34.Qb8e5 Bd5b7
35.f3 Qe1xg3
36.Qe5xg3 { resign }
1-0

[Event "Tourn. n8000"]
[Site "www.chess-mail.com"]
[Date "2015.01.10"]
[Round "1"]
[White "Guidom"]
[Black "Krasin"]
[WhiteElo "2060"]
[BlackElo "2130"]
[Result "0-1"]
[Round "1"]
1.e4 e6
2.d4 d5
3.Nb1c3 Bf8b4
4.e5 c5
5.a3 Bb4xc3
6.bxc3 Ng8e7
7.Qd1g4 Qd8c7
8.Bf1b5 Bc8d7
9.Bb5xd7 Nb8xd7
10.Bc1e3 cxd4
11.cxd4 Qc7c3
{ resign }
0-1

[Event "Tourn. n7952"]
[Site "www.chess-mail.com"]
[Date "2015.01.10"]
[Round "1"]
[White "Woodpusher2"]
[Black "Szustan"]
[WhiteElo "2510"]
[BlackElo "2610"]
[Result "1/2-1/2"]
[Round "1"]
1.Ng1f3 Nb8c6
2.d4 d5
3.c4 dxc4
4.Nb1c3 Ng8f6
5.e3 e5
6.Bf1xc4 exd4
7.exd4 Bf8d6
8.Qd1e2 Qd8e7
9.Qe2xe7 Nc6xe7
10.O-O O-O
11.Rf1e1 h6
12.Nc3b5 Ne7d5
13.Bc1d2 a6
14.Nb5xd6 cxd6
15.Ra1c1 Bc8e6
16.Bc4d3 Rf8c8
17.h3 Rc8xc1
18.Re1xc1 Ra8e8
19.Rc1e1 Nd5e7
20.a4 Be6b3
21.a5 Bb3d5
22.Nf3h2 Ne7c6
23.Re1xe8 Nf6xe8
24.Bd2c3 Ne8f6
25.f3 { draw }
1/2-1/2

[Event "Tourn. n7837"]
[Site "www.chess-mail.com"]
[Date "2015.01.10"]
[Round "1"]
[White "Haukia"]
[Black "Libiesse"]
[WhiteElo "2200"]
[BlackElo "2090"]
[Result "1-0"]
[Round "1"]
1.e4 c5
2.Ng1f3 e6
3.d4 cxd4
4.Nf3xd4 Nb8c6
5.Nb1c3 Qd8c7
6.Bc1e3 a6
7.Qd1d2 Ng8f6
8.O-O-O Bf8b4
9.f3 Nc6a5
10.Nd4b3 Na5xb3
11.axb3 d5
12.e5 Nf6d7
13.f4 O-O
14.Kb1 b5
15.Nc3xd5 Bb4xd2
16.Nd5xc7 Bd2xe3
17.Nc7xa8 Be3xf4
18.g3 Bf4xe5
19.Bf1g2 Nd7c5
20.Rh1e1 Be5b8
21.b4 Bc8b7
22.Bg2xb7 Nc5xb7
23.Rd1d7 Nb7d8
24.Na8c7 f6
25.Nc7xe6 Nd8xe6
26.Re1xe6 Bb8e5
27.Re6e7 { resign }
1-0

[Event "Tourn. n7907"]
[Site "www.chess-mail.com"]
[Date "2015.01.10"]
[Round "1"]
[White "Cardiff"]
[Black "Panham"]
[WhiteElo "2080"]
[BlackElo "2070"]
[Result "0-1"]
[Round "1"]
1.e4 c6
2.d4 d5
3.Nb1c3 dxe4
4.Nc3xe4 Bc8f5
5.Ne4g3 Bf5g6
6.Ng1f3 e6
7.c3 Bf8e7
8.Nf3e5 Nb8d7
9.Ne5xd7 Qd8xd7
10.Bf1d3 Bg6xd3
11.Qd1xd3 Ng8f6
12.O-O O-O
13.Bc1g5 Rf8e8
14.Ra1d1 Nf6d5
15.Bg5xe7 Re8xe7
16.Ng3e4 Ra8e8
17.Ne4c5 Qd7c7
18.g3 e5
19.dxe5 Re7xe5
20.Nc5b3 Re5e2
21.Rd1d2 Re2e1
22.Rd2d1 Re1xd1
23.Rf1xd1 Qc7e5
24.Qd3d4 Qe5e2
25.Qd4d2 Qe2g4
26.Rd1e1 Re8e4
27.Re1xe4 Qg4xe4
28.Nb3c5 Qe4b1
29.Kg2 b6
30.c4 bxc5
31.cxd5 Qb1e4
32.f3 Qe4xd5
33.Qd2xd5 cxd5
34.Kf2 Kf8
35.Ke2 Ke7
36.Kd3 Kd6
37.b3 Kc6
{ resign }
0-1

[Event "Tourn. n8008"]
[Site "www.chess-mail.com"]
[Date "2015.01.10"]
[Round "1"]
[White "Krasin"]
[Black "Cardiff"]
[WhiteElo "2150"]
[BlackElo "2020"]
[Result "1-0"]
[Round "1"]
1.e4 c5
2.Ng1f3 Nb8c6
3.d4 cxd4
4.c3 d5
5.exd5 Qd8xd5
6.Bf1e2 Ng8f6
7.cxd4 e6
8.Nb1c3 Bf8b4
9.O-O Qd5d8
10.Bc1g5 h6
11.Bg5xf6 Qd8xf6
12.d5 Bb4xc3
13.dxc6 bxc6
14.bxc3 { resign }
1-0

[Event "Tourn. n7919"]
[Site "www.chess-mail.com"]
[Date "2015.01.10"]
[Round "1"]
[White "Blackpool"]
[Black "Mitja"]
[WhiteElo "1800"]
[BlackElo "1930"]
[Result "1-0"]
[Round "1"]
1.d4 d5
2.Nb1c3 e6
3.e4 dxe4
4.Nc3xe4 c6
5.Ng1f3 h6
6.Bf1d3 Ng8f6
7.Qd1e2 Nb8d7
8.O-O Nf6xe4
9.Bd3xe4 Nd7f6
10.Be4d3 Nf6d5
11.a3 Bf8e7
12.c4 Nd5f6
13.Bc1d2 b6
14.Bd2c3 Bc8b7
15.Rf1d1 Ra8c8
16.Nf3e5 Nf6d7
17.f4 Nd7xe5
18.fxe5 c5
19.dxc5 Rc8xc5
20.Bc3b4 Rc5c8
21.Qe2g4 Be7f8
22.Qg4xe6 Bf8e7
23.Bd3g6 { resign }
1-0

[Event "Tourn. n7969"]
[Site "www.chess-mail.com"]
[Date "2015.01.10"]
[Round "1"]
[White "Faerieking"]
[Black "Luban"]
[WhiteElo "2040"]
[BlackElo "2180"]
[Result "1-0"]
[Round "1"]
1.e4 c5
2.Ng1f3 d6
3.d4 cxd4
4.Nf3xd4 Ng8f6
5.Nb1c3 a6
6.Bc1g5 e6
7.f4 Bf8e7
8.Qd1f3 Qd8b6
9.O-O-O Nb8c6
10.Nd4xc6 Qb6xc6
11.g4 h6
12.Bg5h4 b5
13.a3 Bc8b7
14.Bf1g2 Ra8c8
15.h3 a5
16.Qf3d3 b4
17.axb4 axb4
18.e5 Qc6xg2
19.Rh1g1 Qg2c6
20.exf6 gxf6
21.Nc3b1 Bb7a6
22.Qd3d2 d5
23.c3 b3
24.Qd2d4 Be7c5
25.Qd4xf6 Rh8h7
26.Rg1e1 Qc6b7
27.f5 Bc5e7
28.Qf6xe7 Qb7xe7
29.Bh4xe7 Kxe7
30.Rd1xd5 Kf6
31.Rd5d6 Ba6c4
32.Nb1a3 Bc4d5
33.Na3b5 Rh7h8
34.Nb5d4 Rh8e8
35.fxe6 fxe6
36.Nd4f5 Kg5
37.Nf5g7 { resign }
1-0

[Event "Tourn. n7941"]
[Site "www.chess-mail.com"]
[Date "2015.01.10"]
[Round "1"]
[White "Cardiff"]
[Black "Krasin"]
[WhiteElo "2100"]
[BlackElo "2170"]
[Result "0-1"]
[Round "1"]
1.Ng1f3 Ng8f6
2.c4 g6
3.g3 Bf8g7
4.Nb1c3 O-O
5.Bf1g2 Nb8a6
6.d4 c5
7.O-O d6
8.h3 Bc8d7
9.d5 Ra8b8
10.e4 Na6c7
11.Rf1e1 Nf6e8
12.e5 dxe5
13.Nf3xe5 Bg7xe5
14.Re1xe5 Ne8d6
15.b3 b5
16.cxb5 Nc7xb5
17.Nc3xb5 Bd7xb5
18.Bc1h6 Rf8e8
19.Qd1c2 c4
20.bxc4 Bb5xc4
21.Qc2c3 f6
22.Re5e1 Qd8c8
23.Re1e6 Bc4a6
24.Qc3e3 Kf7
25.Ra1e1 Nd6f5
26.Qe3d2 Qc8c4
27.d6 Ba6b7
28.Bg2xb7 Rb8xb7
29.g4 Nf5xd6
30.Bh6f4 Rb7b1
31.Bf4xd6 Qc4xe6
32.Re1xb1 exd6
33.Rb1d1 Re8e7
34.Qd2xd6 Qe6xa2
35.g5 fxg5
36.Rd1d3 Qa2e6
37.Rd3f3 Kg7
38.Qd6d4 Qe6e5
39.Qd4xe5 Re7xe5
{ resign }
0-1

[Event "Tourn. n7892"]
[Site "www.chess-mail.com"]
[Date "2015.01.10"]
[Round "1"]
[White "Hugol"]
[Black "Currivan"]
[WhiteElo "1830"]
[BlackElo "1730"]
[Result "1-0"]
[Round "1"]
1.e4 e5
2.Ng1f3 d6
3.d4 Nb8d7
4.dxe5 Nd7c5
5.exd6 Bf8xd6
6.Nb1c3 Bd6e7
7.Qd1xd8 Be7xd8
8.Bf1c4 Bc8e6
9.Bc4xe6 Nc5xe6
10.Bc1e3 Ng8f6
11.O-O-O O-O
12.h3 Bd8e7
13.e5 Nf6h5
14.Rd1d7 Be7d8
15.Nc3d5 Rf8e8
16.g4 Ne6f8
17.Rd7xd8 Ra8xd8
18.gxh5 Rd8xd5
19.Rh1g1 Nf8e6
20.h6 g6
21.h4 Ne6c5
22.c4 Nc5d3
23.Kc2 Rd5d7
24.h5 Re8e6
25.Nf3d4 Nd3b4
26.Kb3 a5
27.Nd4xe6 Rd7d3
28.Ka4 b6
29.Ne6xc7 Rd3d7
30.Be3xb6 Nb4d3
31.hxg6 fxg6
32.e6 Nd3xb2
33.Kb3 Rd7d2
34.e7 a4
35.Kc3 Rd2d1
36.e8Q { resign }
1-0

[Event "Tourn. n7942"]
[Site "www.chess-mail.com"]
[Date "2015.01.10"]
[Round "1"]
[White "Cardiff"]
[Black "Krasin"]
[WhiteElo "2100"]
[BlackElo "2170"]
[Result "0-1"]
[Round "1"]
1.d4 Ng8f6
2.Nb1c3 d5
3.Ng1f3 c5
4.e3 Nb8c6
5.Bf1b5 Bc8g4
6.Bb5xc6 bxc6
7.h3 Bg4xf3
8.Qd1xf3 e6
9.O-O Bf8d6
10.Nc3e2 O-O
11.c3 Nf6e4
12.dxc5 Ne4xc5
13.Ne2g3 f5
14.Ng3e2 Bd6c7
15.b3 Nc5e4
16.Bc1b2 Ne4d2
17.Qf3h5 Nd2xf1
18.Ra1xf1 e5
19.Rf1d1 Qd8e8
20.Qh5xe8 Ra8xe8
21.g3 g5
22.Kg2 Kf7
23.Bb2a3 Rf8g8
24.Kf1 h5
25.Ba3c5 f4
26.exf4 gxf4
27.a4 Ke6
28.b4 fxg3
29.Ne2xg3 h4
30.Ng3e2 Rg8g7
31.a5 a6
32.Ne2g1 e4
33.Bc5e3 Re8g8
34.Ng1e2 Bc7e5
35.Ne2f4 Be5xf4
36.Be3xf4 Rg7g1
{ resign }
0-1

[Event "Tourn. n7989"]
[Site "www.chess-mail.com"]
[Date "2015.01.10"]
[Round "1"]
[White "Fred"]
[Black "Luban"]
[WhiteElo "1960"]
[BlackElo "2120"]
[Result "1-0"]
[Round "1"]
1.e4 c6
2.f4 d5
3.e5 Bc8f5
4.Ng1f3 Bf5g4
5.d4 e6
6.h3 Bg4xf3
7.Qd1xf3 a6
8.Bf1d3 c5
9.c3 Nb8c6
10.Bc1e3 c4
11.Bd3c2 b5
12.Nb1d2 b4
13.O-O Ng8e7
14.f5 exf5
15.Bc2xf5 Ne7xf5
16.Qf3xf5 Qd8e7
17.Ra1e1 g6
18.Qf5g4 h5
19.Qg4g3 Bf8h6
20.Be3xh6 Rh8xh6
21.Nd2f3 O-O-O
22.Qg3g5 Rd8f8
23.Qg5xh6 { resign }
1-0

[Event "Tourn. n7633"]
[Site "www.chess-mail.com"]
[Date "2015.01.10"]
[Round "1"]
[White "Bigrezi"]
[Black "Cardiff"]
[WhiteElo "1820"]
[BlackElo "1990"]
[Result "0-1"]
[Round "1"]
1.e4 d5
2.exd5 Ng8f6
3.d4 Nf6xd5
4.Ng1f3 Bc8g4
5.Bf1e2 e6
6.c4 Nd5b6
7.O-O Nb8c6
8.Bc1e3 Bf8e7
9.Nb1c3 O-O
10.a3 Bg4xf3
11.Be2xf3 Nb6xc4
12.Be3c1 Qd8xd4
13.Bf3xc6 Qd4xd1
14.Rf1xd1 bxc6
15.b3 Nc4d6
16.Bc1b2 Be7f6
17.Rd1d2 Bf6xc3
18.Bb2xc3 Rf8d8
19.Ra1d1 f6
20.a4 Kf7
21.Bc3b4 Nd6b7
22.Rd2d7 Kg8
23.Bb4e7 Rd8xd7
24.Rd1xd7 Ra8c8
25.Be7a3 Rc8d8
26.Rd7xd8 Nb7xd8
27.Kf1 Kf7
28.Ke2 e5
29.Ke3 Ke6
30.Kd3 g6
31.Kc4 f5
32.f3 Nd8b7
33.Ba3f8 Kf7
34.Bf8h6 Ke6
35.f4 e4
36.b4 e3
37.Kd3 Kd5
38.h3 Nb7d6
39.Bh6g7 Nd6c4
40.g3 Nc4b6
41.a5 Nb6c4
42.g4 fxg4
43.hxg4 c5
44.bxc5 Kxc5
45.Bg7d4 Kb5
46.Bd4xa7 Nc4xa5
47.Ba7xe3 c5
48.Kc3 c4
49.f5 gxf5
50.gxf5 Na5c6
51.f6 Nc6e5
52.Be3h6 Ne5f7
53.Bh6f4 Kc5
54.Bf4g3 Kd5
55.Bg3h4 h6
56.Bh4g3 Ke6
57.Bg3h4 Nf7g5
58.Kxc4 Kxf6
59.Kd4 Kf5
60.Ke3 h5
61.Kf2 Kg4
62.Bh4g3 Ng5e4
63.Kg2 Ne4xg3
{ resign }
0-1

[Event "Tourn. n7824"]
[Site "www.chess-mail.com"]
[Date "2015.01.10"]
[Round "1"]
[White "Wegaman"]
[Black "Falcoale"]
[WhiteElo "1960"]
[BlackElo "1960"]
[Result "0-1"]
[Round "1"]
1.d4 Ng8f6
2.c4 e6
3.Nb1c3 b6
4.Bc1g5 h6
5.Bg5h4 Bf8e7
6.e3 Bc8b7
7.Ng1f3 O-O
8.Bf1e2 d5
9.O-O Nb8d7
10.Ra1c1 a6
11.Rf1e1 c6
12.b3 Be7b4
13.Nf3e5 Bb4e7
14.Be2d3 b5
15.cxb5 axb5
16.Qd1e2 Nd7xe5
17.dxe5 Nf6d7
18.Bh4xe7 Qd8xe7
19.f4 Nd7c5
20.Kh1 Rf8d8
21.Bd3c2 b4
22.Nc3d1 Qe7h4
23.Rc1a1 d4
24.exd4 Nc5a6
25.Qe2e3 Rd8xd4
26.Re1f1 c5
27.Nd1b2 Ra8d8
28.Nb2c4 Qh4g4
29.Rf1g1 Rd4xf4
30.Nc4a5 Bb7a8
31.Na5c4 Rf4d4
32.h3 Qg4h4
33.Nc4d6 Rd4g4
34.Ra1f1 Rg4g3
35.Qe3f2 Rd8f8
36.Nd6xf7 Rg3xh3
{ resign }
0-1

[Event "Tourn. n7988"]
[Site "www.chess-mail.com"]
[Date "2015.01.10"]
[Round "1"]
[White "Cardiff"]
[Black "Luban"]
[WhiteElo "2030"]
[BlackElo "2120"]
[Result "1/2-1/2"]
[Round "1"]
1.d4 d5
2.Nb1c3 e6
3.e4 dxe4
4.Nc3xe4 Ng8f6
5.Bc1g5 Bf8e7
6.Bg5xf6 Be7xf6
7.Ng1f3 O-O
8.c3 b6
9.Bf1d3 Bc8b7
10.Qd1e2 Nb8d7
11.O-O Bb7xe4
12.Qe2xe4 g6
13.Ra1d1 c5
14.Bd3b5 cxd4
15.cxd4 Bf6g7
16.Bb5xd7 Qd8xd7
17.Nf3e5 Bg7xe5
18.dxe5 Qd7e7
19.Rd1d6 Ra8d8
20.Rf1d1 Kg7
21.g3 { draw }
1/2-1/2

[Event "Tourn. n8000"]
[Site "www.chess-mail.com"]
[Date "2015.01.10"]
[Round "1"]
[White "Cardiff"]
[Black "Guidom"]
[WhiteElo "2030"]
[BlackElo "2030"]
[Result "1/2-1/2"]
[Round "1"]
1.f4 d5
2.b3 c5
3.Bc1b2 Nb8c6
4.e3 e6
5.Bf1b5 Bc8d7
6.Ng1f3 Ng8f6
7.O-O a6
8.Bb5xc6 Bd7xc6
{ draw }
1/2-1/2

[Event "Tourn. n7890"]
[Site "www.chess-mail.com"]
[Date "2015.01.10"]
[Round "1"]
[White "Cardiff"]
[Black "Andreachess"]
[WhiteElo "2040"]
[BlackElo "1970"]
[Result "1/2-1/2"]
[Round "1"]
1.e4 e5
2.Nb1c3 Ng8f6
3.f4 exf4
4.e5 Nf6g8
5.Ng1f3 Nb8c6
6.d4 d6
7.Bc1xf4 dxe5
8.dxe5 Bf8c5
9.Qd1xd8 Nc6xd8
10.O-O-O Nd8e6
11.Bf4d2 Ng8e7
12.Nc3e4 Bc5b6
13.Bf1b5 Ne7c6
14.Bb5xc6 bxc6
15.Rh1e1 O-O
16.Kb1 Bc8b7
17.c4 c5
18.Bd2c3 Ne6f4
19.Rd1d2 Ra8d8
20.g3 Rd8xd2
21.Bc3xd2 Nf4d3
22.Re1e2 f6
23.exf6 gxf6
24.Bd2c3 Kg7
25.Nf3h4 Rf8e8
26.Nh4f5 Kf8
27.Kc2 Re8xe4
28.Kxd3 Re4xe2
29.Kxe2 Bb7e4
30.Nf5e3 Kf7
31.b3 c6
32.Ne3g4 Kg6
33.a3 f5
34.Ng4e5 Kg5
35.Ne5d3 { draw }
1/2-1/2

[Event "Tourn. n7910"]
[Site "www.chess-mail.com"]
[Date "2015.01.10"]
[Round "1"]
[White "Luban"]
[Black "Sontuozio"]
[WhiteElo "2160"]
[BlackElo "2260"]
[Result "1-0"]
[Round "1"]
1.d4 d5
2.Ng1f3 Ng8f6
3.e3 c6
4.h3 e6
5.a3 Bf8d6
6.c4 O-O
7.Bf1d3 Nb8d7
8.b4 dxc4
9.Bd3xc4 b5
10.Bc4d3 Bc8b7
11.e4 e5
12.Bc1b2 Rf8e8
13.Qd1c2 Nf6h5
14.dxe5 Nd7xe5
15.Nf3xe5 Bd6xe5
16.Bb2xe5 Re8xe5
17.Nb1c3 Nh5f4
18.O-O-O Nf4xd3
19.Qc2xd3 Qd8xd3
20.Rd1xd3 a5
21.f4 Re5e7
22.Kb2 axb4
23.axb4 g6
24.Rh1d1 Ra8e8
25.Rd3d8 Kf8
26.e5 Bb7c8
27.Nc3e4 Bc8e6
28.Ne4f6 Re8xd8
29.Rd1xd8 Kg7
30.Rd8g8 Kh6
31.g4 Re7a7
32.g5 
1-0